<?xml version="1.0" encoding="UTF-8"?>
<marc:record xmlns:marc="http://www.loc.gov/MARC21/slim">
   <marc:leader>00000nam a2200000 a 4500</marc:leader>
   <marc:datafield ind1="1" ind2=" " tag="100">
      <marc:subfield code="a">Martin, Ann M.</marc:subfield>
      <marc:subfield code="4">aut</marc:subfield>
      <marc:subfield code="e">Verfasser/-in</marc:subfield>
   </marc:datafield>
   <marc:datafield ind1="1" ind2=" " tag="100">
      <marc:subfield code="a">Haefs, Gabriele</marc:subfield>
      <marc:subfield code="4">trl</marc:subfield>
      <marc:subfield code="e">Übersetzer/-in</marc:subfield>
   </marc:datafield>
   <marc:datafield ind1="0" ind2="0" tag="245">
      <marc:subfield code="a">Die wahre Geschichte von Regen und Sturm</marc:subfield>
   </marc:datafield>
   <marc:datafield ind1="0" ind2="0" tag="245">
      <marc:subfield code="c">Ann M. Martin. Aus dem Engl. von Gabriele Haefs</marc:subfield>
   </marc:datafield>
   <marc:datafield ind1=" " ind2="1" tag="264">
      <marc:subfield code="a">Hamburg</marc:subfield>
      <marc:subfield code="b">Königskinder-Verl.</marc:subfield>
      <marc:subfield code="c">2015</marc:subfield>
   </marc:datafield>
   <marc:datafield ind1="1" ind2=" " tag="520">
      <marc:subfield code="a">Angaben aus der Verlagsmeldung

Die wahre Geschichte von Regen und Sturm Rain reign / von Ann M. Martin

Ruth mag Wörter, vor allem Homonyme, so wie "Ruth" und "ruht". Ihr alleinerziehender Vater kann damit nichts anfangen. Warum kann Ruth sich nicht benehmen wie andere Kinder? Die beste Idee, die er je hatte, ist, Ruth einen Hund mitzubringen. Sie nennt ihn Regen, denn er wurde im Regen gefunden - und das Wort ist ein Homonym.

Als ein Hurrikan die kleine Stadt heimsucht, geht Regen im Unwetter verloren. Dad hätte den Hund nie rauslassen dürfen. Bei Sturm! Ohne Halsband! Verzweifelt macht sich Ruth auf die Suche. Ein Glück, dass sie noch Onkel Weldon hat, der sie so viel besser versteht.
</marc:subfield>
   </marc:datafield>
   <marc:datafield ind1=" " ind2=" " tag="020">
      <marc:subfield code="a">9783551560131</marc:subfield>
      <marc:subfield code="9">9783551560131</marc:subfield>
   </marc:datafield>
   <marc:datafield ind1=" " ind2=" " tag="020">
      <marc:subfield code="a">3551560137</marc:subfield>
      <marc:subfield code="9">3551560137</marc:subfield>
   </marc:datafield>
   <marc:datafield ind1=" " ind2=" " tag="041">
      <marc:subfield code="a">ger</marc:subfield>
   </marc:datafield>
   <marc:datafield ind1=" " ind2=" " tag="300">
      <marc:subfield code="a">238 S.</marc:subfield>
   </marc:datafield>
</marc:record>
